THE INSPIRING LEADER : UNLOCKING THE SECRETS OF HOW EXTRAORDINARY LEADERS MOTIVATE /

Bibliographic Details
Main Author: Zenger, John H (Author)
Other Authors: Folkman, Joseph R, Edinger, Scott K
Format: Book
Language:English
Subjects:
LEADER 01307cam a2200361 7i4500
001 0000011256
005 20200206090000.0
005 ##20200206113300.0
003 ##MY-KlINT
008 201511t20092009nyua e 001 0 eng d
020 # # |a 9780071621243  
039 # 9 |a 202002061133  |b Zuraidah  |c 201910021526  |d Amir  |c 201910021335  |d rozila  |c 201903141607  |d Shela  |y 201511041127  |z VLOAD 
040 # # |a BK 
082 0 0 |a 658.4092 
090 0 0 |a 658.4092   |b ZEN 
100 1 # |a Zenger, John H   |e author 
245 1 4 |a THE INSPIRING LEADER :   |b UNLOCKING THE SECRETS OF HOW EXTRAORDINARY LEADERS MOTIVATE /   |c JOHN H. ZENGER, JOSEPH R. FOLKMAN AND SCOTT k. EDINGER. 
264 # 0 |c ♭2009 
264 # 0 |a New York  |b Mc Graw Hill  |c 2009 
300 # # |a xi, 246 pages:   |b illustrations;   |c 24cm. 
336 # # |a text  |2 rdacontent 
337 # # |a unmediated  |2 rdamedia 
338 # # |a volume  |2 rdacarrier 
504 # # |a Includes bibliographical references and index 
583 # # |a LULUS 
650 # 0 |a Leadership  
650 # 0 |a Employee motivation  
700 0 # |a Folkman, Joseph R  
700 0 # |a Edinger, Scott K  
999 |a 0000064692  |b BOOK  |c Main Non-Fiction  |e INTAN BK 
999 |a 0000064712  |b BOOK  |c Main Non-Fiction  |e INTAN BK 
999 |a 0000065901  |b BOOK  |c Main Non-Fiction  |e INTAN BK 
999 |a 1107066906  |b BOOK  |c Main Non-Fiction  |e INTAN BK